A day in the life of a farmer / (Record no. 19342)

000 -LEADER
fixed length control field 00608cam a22002294i 4500
020 ## - INTERNATIONAL STANDARD BOOK NUMBER
ISBN 9780736822831
020 ## - INTERNATIONAL STANDARD BOOK NUMBER
ISBN 0736822836
020 ## - INTERNATIONAL STANDARD BOOK NUMBER
ISBN 9780736846745
020 ## - INTERNATIONAL STANDARD BOOK NUMBER
ISBN 0736846743
040 ## - CATALOGING SOURCE
Transcribing agency DLC
082 00 - DEWEY DECIMAL CLASSIFICATION NUMBER
Classification number 630 SCA 1997 C165 Or.
100 1# - MAIN ENTRY--AUTHOR NAME
Personal name Adamson, Heather,
245 12 - TITLE STATEMENT
Title A day in the life of a farmer /
246 30 - VARYING FORM OF TITLE
Title proper/short title Farmer
300 ## - PHYSICAL DESCRIPTION
Number of Pages 24 pages :
Other physical details color illustrations ;
Dimensions 21 cm
490 1# - SERIES STATEMENT
Series statement First facts. Community helpers at work
520 ## - SUMMARY, ETC.
Summary, etc Explains what farmers do during a typical day
650 #0 - SUBJECT ADDED ENTRY--TOPICAL TERM
Topical Term Farmers
650 #0 - SUBJECT ADDED ENTRY--TOPICAL TERM
Topical Term Agriculture
650 #0 - SUBJECT ADDED ENTRY--TOPICAL TERM
Topical Term Occupations
942 ## - ADDED ENTRY ELEMENTS (KOHA)
Koha item type ADB
952 ## - LOCATION AND ITEM INFORMATION (KOHA)
Withdrawn status [LOCAL, KOHA] 0
Holdings
Source of acquisition Permanent Location Date acquired Koha item type Lost status Shelving location Current Location Full call number
a36698Library Block C2020-09-28សៀវភៅភាសាអង់គ្លេស C165Library Block C630 SCA 1997 C165 Or.
មជ្ឈមណ្ឌលឯការនៃសាកលវិទ្យាល័យភូមិន្ទកសិកម្មចំការដូង

Powered by Koha